[Event "London league"]
[Site "?"]
[Date "2009.11.16"]
[Round "?"]
[White "Stebbings, A."]
[Black "Snape, I."]
[Result "1/2-1/2"]
[WhiteElo "2314"]
[BlackElo "2234"]
[PlyCount "45"]
[EventDate "2009.??.??"]

1. e4 c5 2. Nf3 d6 3. d4 cxd4 4. Nxd4 Nf6 5. Nc3 g6 6. Be2 Bg7 7. O-O Nc6 8.
Nb3 O-O 9. Bg5 Be6 10. Kh1 Rc8 11. f4 a6 12. Bf3 b5 13. Nd5 Bxd5 14. exd5 Na5
15. Nxa5 Qxa5 16. a3 h6 17. Bh4 Qa4 18. c3 Qxd1 19. Raxd1 Rc4 20. Be2 Rc5 21.
Bf3 Rc4 22. Be2 Rc5 23. Bf3 1/2-1/2

[Event "Kent league"]
[Site "?"]
[Date "2009.12.03"]
[Round "?"]
[White "Stebbings, A."]
[Black "Bailey, K."]
[Result "1/2-1/2"]
[WhiteElo "2314"]
[BlackElo "2098"]
[PlyCount "41"]
[EventDate "2009.??.??"]

1. e4 e6 2. d4 d5 3. Nd2 Be7 4. Bd3 c5 5. dxc5 Nf6 6. Qe2 O-O 7. Ngf3 a5 8. a4
Na6 9. e5 Nd7 10. Nb3 Naxc5 11. Nxc5 Nxc5 12. Bb5 Bd7 13. O-O Bxb5 14. Qxb5 Qd7
15. Bd2 Qxb5 16. axb5 b6 17. Be3 Nd7 18. Bd4 Rac8 19. c3 Bc5 20. Rfe1 Rfe8 21.
Re3 1/2-1/2

[Event "London league"]
[Site "?"]
[Date "2009.12.07"]
[Round "?"]
[White "Watkins, M."]
[Black "Stebbings, A."]
[Result "1/2-1/2"]
[WhiteElo "2122"]
[BlackElo "2314"]
[PlyCount "55"]
[EventDate "2009.??.??"]

1. d4 Nf6 2. c4 e6 3. Nf3 Bb4+ 4. Nbd2 b6 5. a3 Bxd2+ 6. Qxd2 Bb7 7. e3 O-O 8.
Be2 d6 9. b4 Nbd7 10. Bb2 Ne4 11. Qc2 f5 12. O-O Rf6 13. d5 Rg6 14. dxe6 Nf8
15. c5 Nxe6 16. c6 Bc8 17. Bc4 Kh8 18. Bd5 N6g5 19. Nxg5 Rxg5 20. f4 Rh5 21.
Bxe4 fxe4 22. Qxe4 Bf5 23. Qd4 Qe7 24. Rf3 Be4 25. Rg3 Rg8 26. b5 Rxb5 27. Rc1
Rd5 28. Qa4 1/2-1/2

[Event "London league"]
[Site "?"]
[Date "2009.12.16"]
[Round "?"]
[White "Stebbings, A."]
[Black "Kendall, P."]
[Result "1-0"]
[WhiteElo "2314"]
[BlackElo "2034"]
[PlyCount "51"]
[EventDate "2009.??.??"]

1. e4 c5 2. Nf3 g6 3. d4 cxd4 4. Nxd4 Nc6 5. c4 Bg7 6. Nc2 Nf6 7. Nc3 d6 8. Be2
Be6 9. O-O O-O 10. Kh1 Na5 11. b3 Rc8 12. Bd2 b5 13. e5 dxe5 14. Nxb5 Nc6 15.
Be3 a6 16. Nc3 Bf5 17. Rc1 Qa5 18. Na4 Rfd8 19. Qe1 Qxe1 20. Rfxe1 Nd4 21. Bd1
Ng4 22. Bxg4 Bxg4 23. Nb4 Nf5 24. Bb6 Bh6 25. Bxd8 Bd2 26. Ba5 1-0

[Event "Kent league"]
[Site "?"]
[Date "2010.01.19"]
[Round "?"]
[White "Robertson, M."]
[Black "Stebbings, A."]
[Result "0-1"]
[WhiteElo "2202"]
[BlackElo "2314"]
[PlyCount "70"]
[EventDate "2010.??.??"]

1. e4 c5 2. Nf3 e6 3. d4 cxd4 4. Nxd4 Nc6 5. Nc3 Qc7 6. g3 a6 7. Bg2 d6 8. Nxc6
bxc6 9. O-O Nf6 10. Na4 Bb7 11. c4 c5 12. Nc3 Be7 13. b3 O-O 14. Bb2 Nd7 15. f4
Bf6 16. Qd2 Rad8 17. Rad1 Nb8 18. f5 Nc6 19. Nd5 exd5 20. Bxf6 gxf6 21. Qh6
dxe4 22. Rf4 Ne5 23. Rh4 Rfe8 24. Rf1 e3 25. Re1 Bxg2 26. Kxg2 Qd7 27. Qxh7+
Kf8 28. Rh6 Ng4 29. Rh4 Qc6+ 30. Kg1 Qf3 31. Rxg4 Qf2+ 32. Kh1 Qf3+ 33. Kg1
Qxg4 34. Qh8+ Qg8 35. Qh6+ Qg7 0-1

[Event "Tournament: Gibraltar Masters"]
[Site "?"]
[Date "2010.01.28"]
[Round "3"]
[White "Naumann, A."]
[Black "Stebbings, A."]
[Result "1-0"]
[WhiteElo "2525"]
[BlackElo "2314"]
[PlyCount "79"]
[EventDate "2010.01.26"]

1. d4 Nf6 2. c4 e6 3. g3 Bb4+ 4. Bd2 Qe7 5. Nf3 Nc6 6. Nc3 O-O 7. Bg2 Bxc3 8.
Bxc3 Ne4 9. Qc2 f5 10. O-O d6 11. d5 Nd8 12. Bb4 a5 13. Ba3 e5 14. Nd2 Nc5 15.
Nb3 Nf7 16. Nxc5 dxc5 17. b3 Ra6 18. Qc3 h5 19. Qe3 b6 20. Bb2 a4 21. Rae1 Re8
22. Qc3 axb3 23. axb3 Qg5 24. f4 exf4 25. gxf4 Qh6 26. Kh1 Nd6 27. Rg1 Re7 28.
Bf3 Ra2 29. Rg5 Ne4 30. Bxe4 fxe4 31. Reg1 Bg4 32. h3 Rxb2 33. Qxb2 Bxh3 34.
Rg6 Qh8 35. Qf6 Rf7 36. Qd8+ Kh7 37. Qh4 Bf5 38. Qxh5+ Kg8 39. Rh6 Bh7 40. e3
1-0

[Event "Tournament: Gibraltar Masters"]
[Site "?"]
[Date "2010.01.29"]
[Round "4"]
[White "Stebbings, A."]
[Black "Hagen, A."]
[Result "1-0"]
[WhiteElo "2314"]
[BlackElo "2108"]
[PlyCount "57"]
[EventDate "2010.01.26"]

1. e4 c5 2. Nf3 Nc6 3. d4 cxd4 4. Nxd4 Nf6 5. Nc3 d6 6. f4 g6 7. Nxc6 bxc6 8.
e5 dxe5 9. Qxd8+ Kxd8 10. fxe5 Nd5 11. Bd2 Bg7 12. O-O-O Bxe5 13. Nxd5 cxd5 14.
Ba5+ Ke8 15. Bb5+ Kf8 16. Rxd5 Bf6 17. Rd8+ Kg7 18. Rxh8 Kxh8 19. Rd1 Kg7 20.
Bc6 Rb8 21. Rd8 Bxb2+ 22. Kd2 Be5 23. Bc3 Bxc3+ 24. Kxc3 e5 25. Bd7 Bxd7 26.
Rxb8 Bc6 27. g3 Bd5 28. Rb5 Bxa2 29. Rxe5 1-0

[Event "Tournament: Gibraltar Masters"]
[Site "?"]
[Date "2010.01.31"]
[Round "6"]
[White "Stebbings, A."]
[Black "Fokin, S."]
[Result "0-1"]
[WhiteElo "2314"]
[BlackElo "2109"]
[PlyCount "74"]
[EventDate "2010.01.26"]

1. e4 c5 2. Nf3 e6 3. d4 cxd4 4. Nxd4 a6 5. Nc3 b5 6. Bd3 Qb6 7. Nb3 Qc7 8. O-O
Bb7 9. Qe2 Nc6 10. f4 d6 11. Bd2 Nf6 12. Rae1 Be7 13. Kh1 O-O 14. Rf3 g6 15.
Rh3 b4 16. Nd1 d5 17. e5 Ne4 18. Bxe4 dxe4 19. Nf2 Rfd8 20. c3 Na5 21. cxb4
Nxb3 22. Rxb3 Bd5 23. Rc3 Qb7 24. a3 a5 25. b5 e3 26. Bxe3 Bxg2+ 27. Kg1 Bf3
28. Qf1 Rd5 29. b6 Bd8 30. Rec1 Rd7 31. Qb5 Kg7 32. b4 axb4 33. Qxb4 Qa6 34.
Rb1 Qe2 35. Qb2 Rd1+ 36. Rxd1 Qxb2 37. Rcc1 Bxd1 0-1

[Event "Tournament: Gibraltar Masters"]
[Site "?"]
[Date "2010.02.01"]
[Round "7"]
[White "Mortensen, H."]
[Black "Stebbings, A."]
[Result "1/2-1/2"]
[WhiteElo "2015"]
[BlackElo "2314"]
[PlyCount "84"]
[EventDate "2010.01.26"]

1. e4 c5 2. Nf3 e6 3. g3 Nc6 4. Bg2 Nf6 5. Nc3 d6 6. d4 cxd4 7. Nxd4 Bd7 8. O-O
a6 9. a4 Be7 10. h3 O-O 11. Be3 Qc7 12. Nb3 b6 13. Qe2 Bc8 14. Rad1 Rb8 15. Nd4
Na5 16. f4 Bb7 17. g4 Rfe8 18. g5 Nd7 19. f5 Bf8 20. Rf2 Ne5 21. Rdf1 Qc4 22.
fxe6 fxe6 23. Qh5 Nac6 24. Nde2 b5 25. b3 Qb4 26. axb5 axb5 27. Qh4 Rbc8 28.
Qg3 g6 29. Bd2 Bg7 30. Be3 Rf8 31. Rxf8+ Rxf8 32. Rxf8+ Kxf8 33. Qf2+ Kg8 34.
Qe1 Nf7 35. Qd2 Be5 36. Bf1 Ba6 37. Na2 Qxd2 38. Bxd2 Bb7 39. Bg2 Nd4 40. Nxd4
Bxd4+ 41. Kf1 Kf8 42. Ke2 Ke7 1/2-1/2

[Event "Tournament: Gibraltar Masters"]
[Site "?"]
[Date "2010.02.02"]
[Round "8"]
[White "Stebbings, A."]
[Black "Jameson, D."]
[Result "1-0"]
[WhiteElo "2314"]
[BlackElo "2018"]
[PlyCount "67"]
[EventDate "2010.01.26"]

1. e4 c6 2. d4 d5 3. exd5 cxd5 4. c4 Nf6 5. Nc3 g6 6. Qb3 Bg7 7. cxd5 Nbd7 8.
g3 O-O 9. Bg2 Nb6 10. Nge2 h6 11. a4 Qc7 12. d6 exd6 13. a5 Nc4 14. Nb5 Nxa5
15. Qa4 Qc4 16. Qxa5 Re8 17. Be3 Bg4 18. Nbc3 Rac8 19. Qa4 Qd3 20. Qd1 Rxc3 21.
bxc3 Bxe2 22. Qxd3 Bxd3 23. Rxa7 Ne4 24. Rxb7 Ra8 25. Bc1 Re8 26. Be3 Ra8 27.
Bc1 Re8 28. Rb2 Nxg3+ 29. Kd2 Nxh1 30. Kxd3 Re1 31. Be3 g5 32. Bd5 Rd1+ 33. Ke2
Kh7 34. Kxd1 1-0

[Event "Tournament: Gibraltar Masters"]
[Site "?"]
[Date "2010.02.03"]
[Round "9"]
[White "Thingstad, E."]
[Black "Stebbings, A."]
[Result "1/2-1/2"]
[WhiteElo "2141"]
[BlackElo "2314"]
[PlyCount "54"]
[EventDate "2010.01.26"]

1. d4 Nf6 2. c4 e6 3. Nc3 Bb4 4. Qc2 c5 5. dxc5 Qc7 6. a3 Bxc5 7. Nf3 a6 8. Bg5
Be7 9. e3 d6 10. Bd3 Nbd7 11. O-O h6 12. Bh4 b6 13. Qe2 Bb7 14. Rac1 O-O 15.
Rfd1 Rac8 16. Nd2 Qb8 17. Bb1 Rfe8 18. Bg3 Red8 19. Nde4 Ne8 20. f3 Qc7 21. Bd3
Nc5 22. Bb1 Nd7 23. Bd3 Nc5 24. Bb1 Nxe4 25. Nxe4 Qc6 26. Qd3 g6 27. Rc3 d5
1/2-1/2

[Event "Tournament: Gibraltar Masters"]
[Site "?"]
[Date "2010.02.04"]
[Round "10"]
[White "Stebbings, A."]
[Black "Byrn, C."]
[Result "1-0"]
[WhiteElo "2314"]
[BlackElo "2171"]
[PlyCount "64"]
[EventDate "2010.01.26"]

1. d4 Nf6 2. c4 g6 3. Nc3 d5 4. Bf4 Bg7 5. Nf3 O-O 6. Rc1 dxc4 7. e4 Bg4 8.
Bxc4 Bxf3 9. gxf3 Nh5 10. Be3 c6 11. O-O Nd7 12. f4 Bh6 13. Qf3 Nb6 14. Bb3 e6
15. f5 Bg7 16. fxe6 fxe6 17. Bxe6+ Kh8 18. Qg4 Qf6 19. f4 Bh6 20. Ne2 Ng7 21.
Bb3 Rae8 22. Qf3 Qe7 23. Ng3 Nf5 24. Nxf5 gxf5 25. e5 Rd8 26. Qh5 Bg7 27. Bf2
Qb4 28. Rc3 Rxd4 29. a3 Qxc3 30. bxc3 Rxf4 31. Bxb6 Rxf1+ 32. Kxf1 axb6 1-0

[Event "Kent league"]
[Site "?"]
[Date "2010.02.09"]
[Round "?"]
[White "Stebbings, A."]
[Black "Taylor, MR."]
[Result "1/2-1/2"]
[WhiteElo "2314"]
[BlackElo "2338"]
[PlyCount "65"]
[EventDate "2010.??.??"]

1. e4 Nf6 2. e5 Nd5 3. d4 d6 4. Nf3 dxe5 5. Nxe5 c6 6. Be2 Bf5 7. O-O Nd7 8.
Nf3 e6 9. c4 Nb4 10. a3 Na6 11. Nc3 Be7 12. d5 e5 13. b4 Bf6 14. Bb2 c5 15. b5
Nc7 16. Nd2 O-O 17. Nce4 Ne8 18. Bg4 Bxg4 19. Qxg4 Be7 20. Qe2 f5 21. Ng3 Bd6
22. f3 Nc7 23. Qd3 Qg5 24. Rae1 Rae8 25. Bc1 Qg6 26. Bb2 h5 27. Nh1 h4 28. Nf2
Re7 29. Nh3 Ne8 30. Qe3 Nef6 31. Qg5 Qxg5 32. Nxg5 Rfe8 33. Re2 1/2-1/2

[Event "Kent league"]
[Site "?"]
[Date "2010.02.16"]
[Round "?"]
[White "Stebbings, A."]
[Black "Duggan, J."]
[Result "0-1"]
[WhiteElo "2314"]
[BlackElo "2090"]
[PlyCount "66"]
[EventDate "2010.??.??"]

1. d4 e6 2. e4 d5 3. Nd2 Nf6 4. e5 Nfd7 5. f4 c5 6. c3 Nc6 7. Ndf3 Qb6 8. g3
cxd4 9. cxd4 Bb4+ 10. Kf2 Be7 11. Bh3 f5 12. g4 Nf8 13. Ne2 Bd7 14. Nc3 fxg4
15. Bxg4 O-O-O 16. Rb1 Ng6 17. Be3 Rhf8 18. Qd2 Nh4 19. Nxh4 Bxh4+ 20. Kg2 Ne7
21. b4 Nf5 22. a4 Rde8 23. Rhf1 Kb8 24. a5 Qd8 25. Kh1 Qe7 26. Be2 Rc8 27. Bd3
Nxe3 28. Qxe3 Rxc3 29. Qd2 Rfc8 30. Bxh7 g5 31. Bg6 Bb5 32. Rg1 gxf4 33. Qxf4
Be2 0-1

[Event "London league"]
[Site "?"]
[Date "2010.02.18"]
[Round "?"]
[White "Dickson, G."]
[Black "Stebbings, A."]
[Result "1/2-1/2"]
[WhiteElo "2114"]
[BlackElo "2314"]
[PlyCount "90"]
[EventDate "2010.??.??"]

1. d4 Nf6 2. Nf3 e6 3. Bf4 c5 4. e3 cxd4 5. exd4 Be7 6. c3 b6 7. Be2 Bb7 8. O-O
O-O 9. Nbd2 d6 10. h3 Nbd7 11. Bh2 Re8 12. Nc4 Nf8 13. Nfd2 Ng6 14. Bf3 Bxf3
15. Nxf3 b5 16. Ne3 d5 17. Ne5 Nxe5 18. Bxe5 Nd7 19. Bg3 b4 20. cxb4 Bxb4 21.
a3 Be7 22. Rc1 Qb6 23. Qa4 Nf6 24. Rc2 Ne4 25. Bc7 Qb7 26. Rfc1 Rec8 27. Be5 h6
28. Rc7 Rxc7 29. Rxc7 Qxb2 30. Rxe7 Qxf2+ 31. Kh1 Qxe3 32. Re8+ Rxe8 33. Qxe8+
Kh7 34. Qxf7 Ng3+ 35. Kh2 Nf5 36. Qxa7 h5 37. Qf7 Qg5 38. a4 Ne3 39. g3 Nf5 40.
Bf4 Qd8 41. Qxe6 Nxd4 42. Qf7 h4 43. Qh5+ Kg8 44. gxh4 Qa5 45. Qe8+ Kh7 1/2-1/2

[Event "London league"]
[Site "?"]
[Date "2010.03.01"]
[Round "?"]
[White "Stebbings, A."]
[Black "Robertson, M."]
[Result "0-1"]
[WhiteElo "2314"]
[BlackElo "2202"]
[PlyCount "74"]
[EventDate "2010.??.??"]

1. e4 d6 2. d4 Nf6 3. Nc3 g6 4. g3 Bg7 5. Bg2 O-O 6. Nge2 e5 7. h3 exd4 8. Nxd4
b6 9. O-O Bb7 10. Nd5 Nbd7 11. c4 Re8 12. Nb5 Bxd5 13. exd5 Ne4 14. Re1 a6 15.
Rxe4 axb5 16. cxb5 Nc5 17. Rxe8+ Qxe8 18. Bf1 Qe4 19. a4 Qd4 20. Qxd4 Bxd4 21.
Ra3 Rxa4 22. Kg2 Rxa3 23. bxa3 Nb3 24. Bg5 f6 25. Be3 Bxe3 26. fxe3 f5 27. g4
fxg4 28. hxg4 h6 29. Bd3 Kf7 30. Kf3 Kf6 31. Bc2 Nd2+ 32. Ke2 Nc4 33. Kf3 Kg5
34. a4 Ne5+ 35. Kg3 Nxg4 36. Bxg6 Kxg6 37. Kxg4 Kf6 0-1

[Event "London league"]
[Site "?"]
[Date "2010.04.12"]
[Round "?"]
[White "Marden, L."]
[Black "Stebbings, A."]
[Result "0-1"]
[WhiteElo "2074"]
[BlackElo "2314"]
[PlyCount "54"]
[EventDate "2010.??.??"]

1. d4 Nf6 2. c4 e6 3. Nc3 Bb4 4. e3 c5 5. Bd3 Nc6 6. Nf3 Bxc3+ 7. bxc3 d6 8.
O-O e5 9. dxc5 e4 10. Be2 exf3 11. Bxf3 dxc5 12. Bxc6+ bxc6 13. Qf3 O-O 14. Ba3
Bg4 15. Qxc6 Rc8 16. Qa4 Qc7 17. f3 Be6 18. Rfd1 Nd7 19. e4 Nb6 20. Qc2 Nxc4
21. Bc1 Rfd8 22. f4 Rxd1+ 23. Qxd1 Rd8 24. Qe2 f6 25. Rb1 Qc6 26. f5 Bf7 27.
Bf4 Re8 0-1

[Event "London league"]
[Site "?"]
[Date "2010.04.28"]
[Round "?"]
[White "Stebbings, A."]
[Black "Kelmendi, B."]
[Result "1-0"]
[WhiteElo "2314"]
[BlackElo "2138"]
[PlyCount "115"]
[EventDate "2010.??.??"]

1. e4 c5 2. Nf3 Nc6 3. d4 cxd4 4. Nxd4 d6 5. c4 g6 6. Be2 Bg7 7. Nc2 Nf6 8. Nc3
O-O 9. O-O b6 10. Bg5 Bb7 11. Qd2 Rc8 12. f3 Na5 13. b3 h5 14. Rac1 Nc6 15.
Rfd1 Qd7 16. Na3 Rfd8 17. Nd5 Nh7 18. Bh4 f6 19. Nb5 Ba8 20. Bf2 Ng5 21. Be3
Nf7 22. Kh1 Kh7 23. f4 e6 24. Ndc3 Ne7 25. Bf3 Bh6 26. a4 Nc6 27. Rf1 Rg8 28.
f5 Bxe3 29. Qxe3 exf5 30. exf5 gxf5 31. Nd5 Kg7 32. Bxh5 Nce5 33. Nd4 Nh6 34.
Be2 Bxd5 35. cxd5 Rxc1 36. Rxc1 Rc8 37. Rf1 Kh7 38. Qh3 f4 39. Bd3+ Kg8 40.
Qxh6 Qg7 41. Qxg7+ Kxg7 42. Be2 Rc3 43. Rxf4 Kg6 44. h4 Rc5 45. Nf5 Rc2 46. Bb5
Rd2 47. Be8+ Kh7 48. Rd4 Rb2 49. Nxd6 Rxb3 50. Nf7 Kg7 51. d6 Kf8 52. Nxe5 fxe5
53. d7 exd4 54. d8=Q Re3 55. Bb5+ Kf7 56. Bc4+ Kg6 57. Qg5+ Kh7 58. h5 1-0

[Event "Kent league"]
[Site "?"]
[Date "2010.05.09"]
[Round "?"]
[White "Harakis, A."]
[Black "Stebbings, A."]
[Result "1/2-1/2"]
[WhiteElo "2330"]
[BlackElo "2314"]
[PlyCount "44"]
[EventDate "2010.??.??"]

1. d4 Nf6 2. Nc3 d5 3. Bg5 Nbd7 4. Qd3 e6 5. e4 dxe4 6. Nxe4 Be7 7. Nxf6+ Bxf6
8. Bxf6 Qxf6 9. Nf3 O-O 10. Qe3 c5 11. O-O-O b6 12. Bb5 cxd4 13. Qxd4 Qxd4 14.
Rxd4 Nf6 15. Bc6 Rb8 16. Rhd1 Bb7 17. Ne5 Bxc6 18. Nxc6 Rb7 19. b4 b5 20. a4 a6
21. Rd6 Nd5 22. Kb2 Nb6 1/2-1/2

[Event "London league"]
[Site "?"]
[Date "2010.09.27"]
[Round "?"]
[White "Stebbings, A."]
[Black "Davey, M."]
[Result "1-0"]
[WhiteElo "2290"]
[BlackElo "2146"]
[PlyCount "107"]
[EventDate "2010.??.??"]

1. d4 f5 2. Nc3 Nf6 3. Bg5 d5 4. Bxf6 exf6 5. e3 Be6 6. Qf3 Nc6 7. Bb5 Qd7 8.
Nge2 O-O-O 9. O-O-O Bb4 10. a3 Ba5 11. Na4 g6 12. Nc5 Qd6 13. Nf4 Bf7 14. h4
Bb6 15. b4 Nb8 16. h5 c6 17. Bd3 Bc7 18. hxg6 hxg6 19. g4 b6 20. Nb3 fxg4 21.
Qxg4+ f5 22. Qg5 Rdg8 23. Rdg1 Bd8 24. Qg3 Rxh1 25. Rxh1 Qf6 26. Rh6 Bc7 27.
Qh3 Bxf4 28. exf4 Re8 29. Qh4 Qe6 30. Rh8 Bg8 31. Kb2 Nd7 32. Nd2 c5 33. Bb5
cxb4 34. axb4 Qe1 35. Kc3 Qe6 36. Nf3 Kb7 37. Kb3 Rc8 38. Rxg8 Rxg8 39. Qh7 Rd8
40. Ne5 Kc7 41. Bxd7 Rxd7 42. Nxd7 Qxd7 43. Qxd7+ Kxd7 44. b5 Ke6 45. c4 Kd6
46. Kb4 Ke6 47. cxd5+ Kxd5 48. Kc3 Kd6 49. Kc4 Ke6 50. d5+ Ke7 51. Kd4 Kd6 52.
f3 Ke7 53. Ke5 Kd7 54. d6 1-0

[Event "London league"]
[Site "?"]
[Date "2010.10.11"]
[Round "?"]
[White "Stebbings, A."]
[Black "Botley, G."]
[Result "1-0"]
[WhiteElo "2290"]
[BlackElo "2146"]
[PlyCount "74"]
[EventDate "2010.??.??"]

1. d4 d6 2. e4 Nf6 3. Nc3 g6 4. g3 Bg7 5. Bg2 c6 6. a4 Qc7 7. Nge2 e5 8. h3
Nbd7 9. Be3 O-O 10. O-O Re8 11. g4 h5 12. g5 Nh7 13. f4 f6 14. gxf6 Ndxf6 15.
dxe5 dxe5 16. f5 Rd8 17. Qc1 gxf5 18. exf5 b6 19. Ng3 Bb7 20. Qe1 c5 21. Qe2
Bxg2 22. Qxg2 Kh8 23. Kh1 Rab8 24. Rae1 Re8 25. Qe2 Qb7+ 26. Kh2 Qf7 27. Nge4
Rbd8 28. Rd1 Nxe4 29. Nxe4 Rxd1 30. Qxd1 Bf8 31. Ng3 h4 32. Ne4 Qc4 33. Nc3 Qf7
34. Qf3 e4 35. Qg4 Bd6+ 36. Kh1 Qf6 37. Nxe4 Qe5 1-0

[Event "County match"]
[Site "?"]
[Date "2010.10.23"]
[Round "?"]
[White "Stebbings, A."]
[Black "Denman, B."]
[Result "1/2-1/2"]
[WhiteElo "2290"]
[BlackElo "2250"]
[PlyCount "67"]
[EventDate "2010.??.??"]

1. d4 Nf6 2. c4 g6 3. Nc3 d5 4. Nf3 Bg7 5. Bf4 O-O 6. Rc1 Nh5 7. Be5 f6 8. Bg3
c6 9. e3 Nxg3 10. hxg3 Be6 11. cxd5 cxd5 12. Qb3 Qb6 13. Qxb6 axb6 14. Bb5 Nc6
15. O-O Bf7 16. Rfd1 Ra5 17. Ba4 Rfa8 18. Bb3 Bf8 19. Ne1 e6 20. f4 b5 21. Nd3
b4 22. Nb1 h5 23. Nd2 Bd6 24. Nf3 R5a7 25. Rc2 Na5 26. Rdc1 Kg7 27. Rc8 Nc4 28.
Rxa8 Rxa8 29. Kf2 b5 30. Nfe1 Rc8 31. Bd1 Ra8 32. Bb3 g5 33. Nc2 Nd2 34. Ncxb4
1/2-1/2

[Event "4NCL league"]
[Site "?"]
[Date "2010.11.06"]
[Round "?"]
[White "Stebbings, A."]
[Black "Pickard, C."]
[Result "1-0"]
[WhiteElo "2290"]
[BlackElo "2154"]
[PlyCount "73"]
[EventDate "2010.??.??"]

1. e4 c5 2. Nf3 Nc6 3. d4 cxd4 4. Nxd4 e6 5. Nc3 Qc7 6. Be3 Nf6 7. Bd3 d6 8.
Nb3 Bd7 9. f4 Nb4 10. O-O Bc6 11. a3 Nxd3 12. cxd3 Be7 13. Rc1 Qd7 14. Nd4 Rc8
15. g4 h5 16. g5 Ng4 17. Bd2 Bd8 18. Nxc6 Qxc6 19. Kg2 Qa6 20. Qa4+ Qxa4 21.
Nxa4 Rxc1 22. Rxc1 b5 23. Nc3 Bb6 24. Nd1 Kd7 25. h3 f5 26. hxg4 hxg4 27. exf5
Rh3 28. fxe6+ Kxe6 29. Nf2 Bxf2 30. Kxf2 Rxd3 31. Bc3 Kf5 32. Bxg7 Kxf4 33. Bf6
Rf3+ 34. Kg2 Rg3+ 35. Kf2 Rf3+ 36. Ke2 Re3+ 37. Kd2 1-0

[Event "4NCL league"]
[Site "?"]
[Date "2010.11.07"]
[Round "?"]
[White "Twyble, M."]
[Black "Stebbings, A."]
[Result "1/2-1/2"]
[WhiteElo "2274"]
[BlackElo "2290"]
[PlyCount "29"]
[EventDate "2010.??.??"]

1. e4 c5 2. Nf3 e6 3. d4 cxd4 4. Nxd4 Nc6 5. Nc3 Qc7 6. Be3 a6 7. f4 b5 8. Nxc6
Qxc6 9. Bd3 Bb7 10. Qe2 b4 11. Nb1 Nf6 12. Nd2 Be7 13. O-O O-O 14. Kh1 a5 15.
Rac1 1/2-1/2

[Event "London league"]
[Site "?"]
[Date "2010.11.08"]
[Round "?"]
[White "Fenwick, H."]
[Black "Stebbings, A."]
[Result "0-1"]
[WhiteElo "1946"]
[BlackElo "2290"]
[PlyCount "146"]
[EventDate "2010.??.??"]

1. d4 Nf6 2. Nf3 e6 3. e3 c5 4. Bd3 Nc6 5. O-O Qc7 6. c3 b6 7. Nbd2 Be7 8. Re1
O-O 9. e4 cxd4 10. Nxd4 Ne5 11. Bc2 Bb7 12. N2f3 Ng6 13. Nb5 Qc5 14. a4 d6 15.
Be3 Qc6 16. Nbd4 Qc7 17. Nd2 d5 18. Nb5 Qb8 19. Bg5 a6 20. Nd4 dxe4 21. Bxf6
Bxf6 22. Nxe4 Be7 23. Qh5 Qe5 24. Qh3 Rad8 25. Nf3 Qf4 26. Re3 h6 27. Nd4 Bd5
28. Nd2 Nh8 29. Rae1 Qh4 30. Qxh4 Bxh4 31. N4f3 Be7 32. Be4 Bxe4 33. Rxe4 Ng6
34. Rc4 Rc8 35. Nd4 Nf4 36. Rc6 Bc5 37. N2b3 Nd3 38. Re2 g6 39. Rd2 Ne5 40.
Rxc8 Rxc8 41. Nxc5 bxc5 42. Nb3 Nc4 43. Re2 Nb6 44. a5 Nc4 45. f3 Kf8 46. Kf2
Ke7 47. Rc2 Kd6 48. Nd2 Nxa5 49. Ne4+ Ke7 50. Nxc5 Rxc5 51. b4 Rh5 52. bxa5
Rxh2 53. c4 Rh5 54. Rb2 Rxa5 55. Rb7+ Kf6 56. Rc7 Ra2+ 57. Kg3 Rc2 58. c5 a5
59. Kf4 a4 60. Ke4 a3 61. Kd4 a2 62. Ra7 h5 63. g3 g5 64. c6 h4 65. gxh4 gxh4
66. c7 Rxc7 67. Rxa2 Rc8 68. Rh2 Rh8 69. Ke4 h3 70. Kf4 e5+ 71. Ke4 Rh4+ 72.
Kd3 Kf5 73. Ke3 f6 0-1

[Event "County match"]
[Site "?"]
[Date "2010.11.20"]
[Round "?"]
[White "FraserMitchell, J."]
[Black "Stebbings, A."]
[Result "1/2-1/2"]
[WhiteElo "2186"]
[BlackElo "2290"]
[PlyCount "78"]
[EventDate "2010.??.??"]

1. d4 Nf6 2. c4 e6 3. Nc3 Bb4 4. Bg5 h6 5. Bh4 c5 6. d5 Bxc3+ 7. bxc3 d6 8. e3
e5 9. Bd3 Qe7 10. Ne2 g5 11. Bg3 Nbd7 12. Qb1 Kd8 13. Kd2 Kc7 14. a3 Nb6 15.
Qb3 Bd7 16. a4 Rae8 17. Rhb1 Bc8 18. Rb2 Kb8 19. Rab1 Nh5 20. a5 Na8 21. Bf5
Bxf5 22. Qxb7+ Qxb7 23. Rxb7+ Kc8 24. R1b3 Nc7 25. Rxa7 Kd7 26. Rbb7 Rc8 27. a6
Ng7 28. Rb6 Ra8 29. Rab7 Rhc8 30. a7 Nge8 31. f4 f6 32. Bf2 Ke7 33. Ng3 Bd7 34.
fxg5 fxg5 35. e4 Ng7 36. Be3 Nce8 37. Nf5+ Nxf5 38. exf5 Nf6 39. h3 Rg8 1/2-1/2

[Event "Kent league"]
[Site "?"]
[Date "2010.12.11"]
[Round "?"]
[White "Stebbings, A."]
[Black "Watson, I."]
[Result "1-0"]
[WhiteElo "2290"]
[BlackElo "2258"]
[PlyCount "105"]
[EventDate "2010.??.??"]

1. d4 Nc6 2. d5 Ne5 3. e4 e6 4. f4 Ng6 5. dxe6 dxe6 6. Qxd8+ Kxd8 7. Nf3 Nf6 8.
Bd3 Bd7 9. g3 Bc6 10. Nc3 Bc5 11. Bd2 Ng4 12. Rf1 Ne3 13. Rf2 Nxc2+ 14. Bxc2
Bxf2+ 15. Kxf2 Ke7 16. f5 Nf8 17. Bf4 Rc8 18. Nd4 Bd7 19. Rd1 a6 20. fxe6 fxe6
21. Nf3 Ng6 22. Bg5+ Ke8 23. h4 Rf8 24. Kg2 h6 25. Be3 e5 26. Bb3 Bg4 27. Rf1
Bxf3+ 28. Rxf3 Rxf3 29. Kxf3 Rd8 30. h5 Ne7 31. Nd5 c6 32. Nc7+ Kd7 33. Ne6 Rh8
34. Nxg7 Rf8+ 35. Ke2 Rf6 36. g4 a5 37. Nf5 Nxf5 38. exf5 Kd6 39. Kf3 c5 40.
Ke4 b5 41. Be6 a4 42. Bf2 a3 43. bxa3 Rf8 44. Bg3 Ra8 45. Bxe5+ Ke7 46. Bg7 Kd6
47. Bxh6 Ra4+ 48. Kf3 Rxa3+ 49. Be3 c4 50. h6 Ra8 51. h7 Rh8 52. Bg8 c3 53. Ke2
1-0

[Event "County match"]
[Site "?"]
[Date "2011.01.08"]
[Round "?"]
[White "Stebbings, A."]
[Black "Wittmann, J."]
[Result "1/2-1/2"]
[WhiteElo "2290"]
[BlackElo "2202"]
[PlyCount "84"]
[EventDate "2011.??.??"]

1. e4 e5 2. Nf3 Nc6 3. Bb5 f5 4. Nc3 fxe4 5. Nxe4 d5 6. Nxe5 dxe4 7. Nxc6 Qd5
8. c4 Qd6 9. Nxa7+ Bd7 10. Bxd7+ Qxd7 11. Qh5+ g6 12. Qe5+ Kf7 13. Nb5 c6 14.
Qd4 Qe7 15. Qxh8 Nf6 16. b3 Rd8 17. Bb2 Bg7 18. Ba3 Qd7 19. Nd6+ Ke6 20. Qxd8
Qxd8 21. Nxb7 Qc7 22. Nc5+ Kf7 23. Bb2 Qf4 24. O-O-O Bf8 25. Na4 Ng4 26. Rde1
Bh6 27. Bc3 Kg8 28. Nc5 Qd6 29. Nxe4 Qd3 30. Kb2 Bg7 31. f3 Nf2 32. Bxg7 Kxg7
33. Nxf2 Qxd2+ 34. Ka3 Qa5+ 35. Kb2 Qd2+ 36. Kb1 Qxf2 37. Re7+ Kh6 38. g3 Qxf3
39. Rc1 Qf5+ 40. Rc2 Qf1+ 41. Rc1 Qf5+ 42. Rc2 Qf1+ 1/2-1/2

[Event "4NCL league"]
[Site "?"]
[Date "2011.01.15"]
[Round "?"]
[White "Arnott, J."]
[Black "Stebbings, A."]
[Result "1-0"]
[WhiteElo "2122"]
[BlackElo "2290"]
[PlyCount "121"]
[EventDate "2011.??.??"]

1. e4 c5 2. Nf3 e6 3. c3 Nf6 4. e5 Nd5 5. d4 cxd4 6. cxd4 d6 7. Bc4 Nc6 8. O-O
Be7 9. Qe2 O-O 10. Qe4 Bd7 11. exd6 Bxd6 12. Bg5 Be7 13. Bxe7 Ncxe7 14. Ne5 Bc6
15. Nd2 Nf6 16. Qd3 Qb6 17. Ndf3 Bd5 18. Qb3 Qxb3 19. axb3 a6 20. Rfc1 h6 21.
Bxd5 Nfxd5 22. Rc4 Rfd8 23. Rac1 Rd6 24. Nd3 Rad8 25. Kf1 Rb6 26. Nc5 Rb5 27.
Ne5 Nb6 28. Nxb7 Rb8 29. Rc7 Nbd5 30. Nd6 Nxc7 31. Rxc7 Rd5 32. Ndxf7 Nf5 33.
Nc6 Rf8 34. Nfe5 h5 35. Ng6 Re8 36. Nge7+ Nxe7 37. Nxe7+ Rxe7 38. Rxe7 Rxd4 39.
Rxe6 Rd2 40. Rxa6 Rxb2 41. Rb6 Kh7 42. h4 Kg8 43. g3 Kh7 44. Kg2 Kg8 45. Kf3
Kh7 46. Ke3 Kg8 47. f3 Kh7 48. Kf4 Rb1 49. b4 Rb3 50. g4 hxg4 51. fxg4 Rb1 52.
h5 Kg8 53. Kg5 Ra1 54. b5 Kf7 55. Rb7+ Kf8 56. Kf5 Rd1 57. g5 Rd5+ 58. Ke6 Rd8
59. b6 Kg8 60. Rc7 Re8+ 61. Re7 1-0